Divided Countries Quiz Stats

 Plays Quiz Updated Feb 13, 2019

     
Support Sporcle.
Go Orange.
Score 0/59 Timer 05:00
0 Plays Today
% Correct
???
65%
???
64.8%
???
64.8%
???
64.7%
???
64.5%
???
64.5%
???
64.5%
???
64.5%
???
64.4%
???
64.3%
???
64.3%
???
64.2%
???
64.2%
???
64.2%
???
64.1%
???
63.9%
???
63.9%
???
63.7%
???
63.6%
???
63.6%
???
63.5%
???
63.5%
???
63.5%
???
63.1%
???
63%
???
62.9%
???
62.9%
???
62.6%
???
62.5%
???
62.3%
% Correct
???
62.3%
???
61.3%
???
60.7%
???
60.7%
???
60.6%
???
60.4%
???
60.3%
???
60.1%
???
60%
???
60%
???
59.8%
???
59.7%
???
59.6%
???
59.2%
???
58.8%
???
58.6%
???
58.5%
???
57.9%
???
57.1%
???
56.9%
???
55.6%
???
55.6%
???
55.6%
???
54.9%
???
53.6%
???
52.5%
???
52%
???
51.7%
???
48.6%

From the Vault

30 in 60: European Cities

by Andre9741

Geography 60s
We don't recommend visiting 30 cities in 60 seconds.
Remove Ads.
Support Sporcle.
Get the best of Sporcle when you Go Orange. This ad-free experience offers more features, more stats, and more fun while also helping to support Sporcle. Thank you for becoming a member.

Show Comments

Extras

Top Quizzes Today


Score Distribution

Your Account Isn't Verified!

In order to create a playlist on Sporcle, you need to verify the email address you used during registration. Go to your Sporcle Settings to finish the process.

Report this User

Report this user for behavior that violates our Community Guidelines.

Details: